| 000 | 00634cam a22002293a 4500 | ||
|---|---|---|---|
| 001 | 4394 | ||
| 003 | PGUSA | ||
| 005 | 20140828083054.0 | ||
| 008 | 030801s2003||||xxu|||||s|||||000 1 eng d | ||
| 040 |
_aPGUSA _beng |
||
| 042 | _adc | ||
| 050 | 4 | _aPR | |
| 100 | 1 |
_aCorelli, Marie, _d1855-1924 |
|
| 245 | 1 | 2 |
_aA Romance of Two Worlds : _bA Novel _h[electronic resource] / _cMarie Corelli |
| 260 |
_bProject Gutenberg, _c2003 |
||
| 506 | _aPublic domain in the USA. | ||
| 516 | _aElectronic text | ||
| 653 | _aReligious fiction | ||
| 830 | 0 |
_aProject Gutenberg _v4394 |
|
| 856 | 4 | 0 | _uhttp://www.gutenberg.org/ebooks/4394 |
| 942 | _cEB | ||
| 999 |
_c233723 _d233723 |
||